000 00484nam a2200193Ia 4500
005 20140402152856.0
008 140130s9999 xx 000 0 und d
020 _a9780545197809
050 _aPZ 7
_b.K88 2010
100 _aKowitt, Holly
_914729
245 _cHolly Kowitt.
_aThe sweetheart deal /
260 _bScholastic,
_c2009.
_aUSA :
300 _a182 p. :
_bill. ;
_c22 cm.
440 _v1
_931045
521 _aG4
526 _c600
942 _cBK
_2lcc
999 _c40755
_d40755